[Event "Veneto-ch qf 81st"]
[Site "Verona"]
[Date "2022.05.08"]
[Round "4.2"]
[White "Zanchetta, Nicola"]
[Black "Gennari, Jacopo"]
[Result "1-0"]
[WhiteElo "2142"]
[BlackElo "2073"]
[PlyCount "97"]
[EventDate "2022.05.06"]
[EventType "swiss"]
[EventRounds "5"]
[EventCountry "ITA"]
[SourceTitle "EXT 2024"]
[Source "ChessBase"]
[SourceDate "2023.10.10"]
[SourceVersion "1"]
[SourceVersionDate "2023.10.10"]
[SourceQuality "1"]

1. d4 d5 2. Nc3 Bf5 3. f3 Nf6 4. Bg5 Nbd7 5. Nxd5 Nxd5 6. e4 h6 7. Bd2 e6 8. exf5 exf5 9. Qe2+ Qe7 10. 0-0-0 Qxe2 11. Nxe2 0-0-0 12. a3 N7b6 13. Nf4 Nxf4 14. Bxf4 Bd6 15. Bxd6 Rxd6 16. Bd3 g6 17. Rhe1 Kd8 18. c3 Re8 19. Rxe8+ Kxe8 20. Kd2 Ke7 21. b3 f4 22. Re1+ Re6 23. c4 Rxe1 24. Kxe1 f5 25. Kd2 Kf6 26. h4 Nc8 27. b4 Ne7 28. Kc3 g5 29. hxg5+ hxg5 30. a4 g4 31. Be2 Kg5 32. d5 Kh4 33. Kd4 Kg3 34. Ke5 Kxg2 35. fxg4 fxg4 36. Bxg4 f3 37. Kf6 f2 38. Be2 Nc8 39. c5 b6 40. a5 bxc5 41. bxc5 Kg3 42. Ke6 Kf4 43. d6 Ke3 44. Bf1 cxd6 45. cxd6 Nxd6 46. Kxd6 Kd4 47. Kc6 Kc3 48. Kb7 Kb4 49. a6 1-0

[Event "Veneto-ch qf 81st"]
[Site "Verona"]
[Date "2022.05.07"]
[Round "3.4"]
[White "Tommasi, Matteo"]
[Black "Zanchetta, Nicola"]
[Result "0-1"]
[WhiteElo "999"]
[BlackElo "2142"]
[PlyCount "70"]
[EventDate "2022.05.06"]
[EventType "swiss"]
[EventRounds "5"]
[EventCountry "ITA"]
[SourceTitle "EXT 2024"]
[Source "ChessBase"]
[SourceDate "2023.10.10"]
[SourceVersion "1"]
[SourceVersionDate "2023.10.10"]
[SourceQuality "1"]

1. a3 g6 2. d4 f5 3. c4 Bg7 4. Nc3 Nf6 5. Bg5 0-0 6. Bxf6 Bxf6 7. e4 d6 8. Nf3 c6 9. Be2 e5 10. dxe5 dxe5 11. Qxd8 Rxd8 12. 0-0 Be6 13. Rfd1 Na6 14. b4 Kf8 15. Kf1 Ke7 16. Ke1 Rxd1+ 17. Kxd1 Rd8+ 18. Kc2 Nc7 19. Rd1 Rxd1 20. Kxd1 f4 21. Nd2 h5 22. c5 b5 23. cxb6 axb6 24. a4 Kd7 25. Nc4 Bxc4 26. Bxc4 Be7 27. b5 Bb4 28. Kc2 Bxc3 29. Kxc3 g5 30. bxc6+ Kxc6 31. h4 gxh4 32. Be2 Kc5 33. Bxh5 Ne6 34. Bg6 Ng5 35. Bf5 f3 0-1

[Event "Veneto-ch qf 81st"]
[Site "Verona"]
[Date "2022.05.07"]
[Round "2.5"]
[White "Zanchetta, Nicola"]
[Black "Vincenti, Leonardo"]
[Result "1/2-1/2"]
[WhiteElo "2142"]
[BlackElo "1770"]
[PlyCount "111"]
[EventDate "2022.05.06"]
[EventType "swiss"]
[EventRounds "5"]
[EventCountry "ITA"]
[SourceTitle "EXT 2024"]
[Source "ChessBase"]
[SourceDate "2023.10.10"]
[SourceVersion "1"]
[SourceVersionDate "2023.10.10"]
[SourceQuality "1"]

1. e4 c5 2. Ne2 d6 3. c4 Nc6 4. Nbc3 g6 5. g3 Bg7 6. Bg2 e6 7. 0-0 Nge7 8. d3 0-0 9. Be3 b6 10. Qd2 Bb7 11. Bh6 Nd4 12. Bxg7 Kxg7 13. Nxd4 cxd4 14. Ne2 e5 15. f4 f5 16. fxe5 dxe5 17. exf5 Bxg2 18. f6+ Rxf6 19. Rxf6 Kxf6 20. Kxg2 Nf5 21. Rf1 Kg7 22. Kg1 Ne3 23. Rf3 Qd6 24. Nc1 Rf8 25. Rxf8 Qxf8 26. Qe2 Qf5 27. Nb3 Qg4 28. Qxg4 Nxg4 29. c5 Kf6 30. cxb6 axb6 31. Nd2 Ne3 32. Ne4+ Ke6 33. a4 Nd1 34. b4 Nb2 35. a5 bxa5 36. bxa5 Kd5 37. Nf2 Kc5 38. Kg2 Kb5 39. Kf3 Kxa5 40. Ke4 Kb4 41. Ng4 Kc3 42. Nxe5 Nd1 43. Kf3 Nb2 44. Ke2 g5 45. h3 h5 46. Nf3 Nxd3 47. Nxg5 Nc5 48. g4 d3+ 49. Kd1 h4 50. Nf3 Ne4 51. g5 d2 52. Nxd2 Nxd2 53. g6 Ne4 54. Ke2 Kd4 55. Kf3 Ke5 56. Kg4 1/2-1/2

[Event "Veneto-ch qf 81st"]
[Site "Verona"]
[Date "2022.05.06"]
[Round "1.5"]
[White "Negro, Raffaele"]
[Black "Zanchetta, Nicola"]
[Result "0-1"]
[WhiteElo "1655"]
[BlackElo "2142"]
[PlyCount "40"]
[EventDate "2022.05.06"]
[EventType "swiss"]
[EventRounds "5"]
[EventCountry "ITA"]
[SourceTitle "EXT 2024"]
[Source "ChessBase"]
[SourceDate "2023.10.10"]
[SourceVersion "1"]
[SourceVersionDate "2023.10.10"]
[SourceQuality "1"]

1. d4 d5 2. Nf3 c6 3. e3 Bg4 4. h3 Bh5 5. c4 e6 6. Nc3 f5 7. Qb3 Qb6 8. c5 Qc7 9. Ne5 Nd7 10. f4 Ngf6 11. a4 Be7 12. a5 Nxe5 13. fxe5 Ne4 14. Nxe4 fxe4 15. g4 Bh4+ 16. Ke2 Bg6 17. a6 b6 18. cxb6 axb6 19. Bd2 Qf7 20. Bg2 Qf2+ 0-1

[Event "Verona Primavera op-A 1st"]
[Site "Verona"]
[Date "2021.05.08"]
[Round "3"]
[White "Mazzini, Mauro"]
[Black "Zanchetta, Nicola"]
[Result "0-1"]
[WhiteElo "2154"]
[BlackElo "2142"]
[PlyCount "72"]
[EventDate "2021.05.07"]
[EventType "swiss"]
[EventRounds "5"]
[EventCountry "ITA"]
[SourceTitle "EXT 2022"]
[Source "ChessBase"]
[SourceDate "2021.10.06"]
[SourceVersion "1"]
[SourceVersionDate "2021.10.06"]
[SourceQuality "1"]

1. e4 e6 2. d4 a6 3. Nf3 b5 4. Bd3 Bb7 5. 0-0 c5 6. c3 Nf6 7. Qe2 Qc7 8. Nbd2 Nc6 9. e5 Nd5 10. Ne4 c4 11. Bc2 f5 12. Ng3 Be7 13. Bd2 h6 14. b3 g5 15. bxc4 bxc4 16. Qxc4 a5 17. Qe2 g4 18. Ne1 h5 19. Qd1 h4 20. Ne2 Nd8 21. Nd3 Nf7 22. Nef4 Nxf4 23. Nxf4 Bg5 24. Ba4 Bxf4 25. Bxf4 Bd5 26. Qd2 h3 27. Rfc1 Bc4 28. Rab1 Rb8 29. f3 gxf3 30. g3 0-0 31. Kf2 Rxb1 32. Rxb1 Rb8 33. Rc1 Qb7 34. Bd1 Bd5 35. c4 Be4 36. Bxf3 Bxf3 0-1

[Event "Province VR 80th"]
[Site "Zevio Verona"]
[Date "2020.01.26"]
[Round "4.1"]
[White "Pieropan, Giorgio"]
[Black "Zanchetta, Nicola"]
[Result "1/2-1/2"]
[WhiteElo "1801"]
[BlackElo "2110"]
[PlyCount "45"]
[EventDate "2020.01.24"]
[EventType "swiss"]
[EventRounds "5"]
[EventCountry "ITA"]
[SourceTitle "EXT 2024"]
[Source "ChessBase"]
[SourceDate "2023.10.10"]
[SourceVersion "1"]
[SourceVersionDate "2023.10.10"]
[SourceQuality "1"]

1. e4 c5 2. Nf3 e6 3. c3 d5 4. exd5 Qxd5 5. Bb5+ Bd7 6. Bxd7+ Nxd7 7. 0-0 Ngf6 8. d4 Bd6 9. dxc5 Nxc5 10. Qxd5 Nxd5 11. Nbd2 0-0 12. Nc4 Bc7 13. g3 Rad8 14. Ne3 Nf6 15. Nc2 Nd3 16. Bg5 Bb6 17. Bxf6 gxf6 18. b3 Rc8 19. c4 e5 20. Ne3 Rfd8 21. Nd5 Kg7 22. Nxb6 axb6 23. Nh4 1/2-1/2

[Event "Province VR 80th"]
[Site "Zevio Verona"]
[Date "2020.01.25"]
[Round "3.2"]
[White "Zanchetta, Nicola"]
[Black "Oppici, Gabriele"]
[Result "1-0"]
[WhiteElo "2110"]
[BlackElo "1946"]
[PlyCount "71"]
[EventDate "2020.01.24"]
[EventType "swiss"]
[EventRounds "5"]
[EventCountry "ITA"]
[SourceTitle "EXT 2024"]
[Source "ChessBase"]
[SourceDate "2023.10.10"]
[SourceVersion "1"]
[SourceVersionDate "2023.10.10"]
[SourceQuality "1"]

1. e4 d6 2. Bc4 Nf6 3. d3 e5 4. Ne2 c6 5. 0-0 b5 6. Bb3 a5 7. c3 a4 8. Bc2 Be7 9. h3 0-0 10. f4 Qc7 11. Ng3 Re8 12. Qf3 Bf8 13. fxe5 dxe5 14. Bg5 Nbd7 15. Nf5 Re6 16. Nd2 c5 17. Rac1 Bb7 18. c4 bxc4 19. Nxc4 Bc6 20. Nce3 Qb7 21. b3 a3 22. g4 Bb5 23. Rf2 Qa6 24. Nd5 Qb7 25. Rcf1 Bc6 26. Nh6+ Kh8 27. Nxf7+ Kg8 28. Nh6+ Kh8 29. Bxf6 Nxf6 30. g5 gxh6 31. Nxf6 hxg5 32. Qf5 Re7 33. Nh5 h6 34. Qg6 Bg7 35. Nxg7 Rxg7 36. Rf8+ 1-0

[Event "Padova del Santo op 3rd"]
[Site "Padova"]
[Date "2016.02.21"]
[Round "4"]
[White "Zanchetta, Nicola"]
[Black "De Minico, Stefano"]
[Result "1-0"]
[WhiteElo "1955"]
[BlackElo "1841"]
[PlyCount "41"]
[EventDate "2016.02.19"]
[EventType "swiss"]
[EventRounds "5"]
[EventCountry "ITA"]
[SourceTitle "EXT 2024"]
[Source "ChessBase"]
[SourceDate "2023.10.10"]
[SourceVersion "1"]
[SourceVersionDate "2023.10.10"]
[SourceQuality "1"]

1. e4 c5 2. Nf3 Nc6 3. Bb5 d6 4. 0-0 Nf6 5. e5 Nd5 6. c4 Ndb4 7. a3 Nd3 8. Qe2 Bf5 9. Nh4 Qd7 10. exd6 0-0-0 11. Bxc6 bxc6 12. Nxf5 Nxc1 13. Rxc1 Qxf5 14. dxe7 Bxe7 15. Qxe7 Rhe8 16. Qxa7 Qc2 17. Nc3 Qxd2 18. Na4 Rd4 19. Nb6+ Kd8 20. Qb8+ Ke7 21. Re1+ 1-0

[Event "Verona Province-ch"]
[Site "Zevio Verona"]
[Date "2014.01.25"]
[Round "4"]
[White "Paoli, Walter"]
[Black "Zanchetta, Nicola"]
[Result "1/2-1/2"]
[WhiteElo "1999"]
[BlackElo "1897"]
[PlyCount "172"]
[EventDate "2014.01.18"]
[EventType "swiss"]
[EventRounds "6"]
[EventCountry "ITA"]
[SourceTitle "EXT 2015"]
[Source "ChessBase"]
[SourceDate "2014.11.20"]
[SourceVersion "1"]
[SourceVersionDate "2014.11.20"]
[SourceQuality "1"]

1. e4 c5 2. c3 e6 3. d4 cxd4 4. Qxd4 Nc6 5. Qd1 Nf6 6. Bd3 Bc5 7. Nf3 Ng4 8. 0-0 Nce5 9. Nxe5 Nxe5 10. Be2 h5 11. Bf4 Ng6 12. Bd6 Qb6 13. Bxc5 Qxc5 14. Nd2 Nf4 15. Nc4 b5 16. Nd2 Bb7 17. Bf3 g5 18. e5 Bd5 19. Nb3 Qc7 20. Bxd5 Nxd5 21. Re1 Ke7 22. Qd2 Rag8 23. Nd4 Qb7 24. Rad1 h4 25. Nf5+ exf5 26. Qxd5 Qxd5 27. Rxd5 Rb8 28. Red1 Rb7 29. f3 Rg8 30. Kf2 Rg6 31. g3 hxg3+ 32. hxg3 Rh6 33. Kg2 Ra6 34. a3 Rh6 35. R1d4 a6 36. Rd6 Re6 37. f4 g4 38. Kf2 Rc7 39. Ke2 f6 40. Rxe6+ dxe6 41. exf6+ Kxf6 42. a4 Rc6 43. axb5 axb5 44. Rb4 Rc5 45. Kd3 e5 46. fxe5+ Kxe5 47. b3 Kd6 48. Rd4+ Ke6 49. Rd8 Ke7 50. Rb8 Re5 51. c4 bxc4+ 52. bxc4 Ra5 53. Rb3 Kd6 54. Ke3 Ra1 55. Rb2 Rg1 56. Kf2 Rh1 57. Kg2 Rc1 58. Rb5 Rc2+ 59. Kg1 Ke6 60. Rc5 Kf6 61. Rc8 Ke5 62. Re8+ Kd4 63. Re7 Rxc4 64. Kf2 Rc2+ 65. Kf1 Rc3 66. Kf2 Rf3+ 67. Kg2 Re3 68. Rd7+ Ke4 69. Re7+ Kd3 70. Rd7+ Ke2 71. Rd5 Rf3 72. Re5+ Kd3 73. Re8 Re3 74. Rd8+ Kc4 75. Rd7 Re5 76. Kf2 Rd5 77. Re7 Kd4 78. Re1 Ra5 79. Re8 Re5 80. Rd8+ Ke4 81. Ra8 Re6 82. Ra4+ Ke5 83. Ra5+ Kf6 84. Ra4 Rb6 85. Kg2 Kg5 86. Ra5 Rb2+ 1/2-1/2

[Event "Basso Veronese op 6th"]
[Site "Casaleone"]
[Date "2013.05.18"]
[Round "2"]
[White "Xia, Jie"]
[Black "Zanchetta, Nicola"]
[Result "1-0"]
[WhiteElo "2275"]
[BlackElo "1894"]
[PlyCount "103"]
[EventDate "2013.05.17"]
[EventType "swiss"]
[EventRounds "5"]
[EventCountry "ITA"]
[SourceTitle "EXT 2014"]
[Source "ChessBase"]
[SourceDate "2013.11.20"]
[SourceVersion "1"]
[SourceVersionDate "2013.11.20"]
[SourceQuality "1"]

1. e4 c5 2. Nf3 e6 3. c3 Nc6 4. d4 cxd4 5. cxd4 d5 6. e5 Qb6 7. Bd3 Bd7 8. 0-0 Nxd4 9. Nbd2 Nc6 10. Nb3 Nge7 11. Be3 Qc7 12. Rc1 Ng6 13. Re1 Bb4 14. Bd2 Bxd2 15. Qxd2 Rc8 16. h4 Qb8 17. Qg5 0-0 18. h5 h6 19. Qg3 Nge7 20. Bb1 f5 21. Qf4 Be8 22. Nc5 Kf7 23. g4 b6 24. Nb3 Kg8 25. Nfd4 Nxd4 26. Rxc8 Nf3+ 27. Qxf3 Qxc8 28. Nd4 Nc6 29. Nxc6 Bxc6 30. gxf5 exf5 31. Qf4 Qe6 32. Bd3 g5 33. hxg6 Qxg6+ 34. Kf1 Qh5 35. Rc1 Ba8 36. f3 Kh8 37. Kf2 d4 38. e6 Bxf3 39. Qxf3 Qh2+ 40. Ke1 Qxb2 41. Rc2 Qb1+ 42. Ke2 Qg1 43. Qf4 Qg2+ 44. Kd1 Qg5 45. Qxg5 hxg5 46. Rc7 g4 47. e7 Re8 48. Bb5 Rxe7 49. Rxe7 g3 50. Ke2 f4 51. Kf3 Kg8 52. Rxa7 1-0

[Event "Verona Province-ch"]
[Site "Zevio Verona"]
[Date "2013.01.25"]
[Round "4"]
[White "Luciani, Valerio"]
[Black "Zanchetta, Nicola"]
[Result "1-0"]
[WhiteElo "2227"]
[BlackElo "1893"]
[PlyCount "69"]
[EventDate "2013.01.12"]
[EventType "swiss"]
[EventRounds "6"]
[EventCountry "ITA"]
[SourceTitle "EXT 2024"]
[Source "ChessBase"]
[SourceDate "2023.10.10"]
[SourceVersion "1"]
[SourceVersionDate "2023.10.10"]
[SourceQuality "1"]

1. d4 Nf6 2. c4 c5 3. d5 b5 4. cxb5 a6 5. b6 Qxb6 6. Nf3 e6 7. Nc3 exd5 8. Nxd5 Nxd5 9. Qxd5 Bb7 10. Qe5+ Qe6 11. Qc7 Qc6 12. Qg3 Qf6 13. Bf4 Nc6 14. 0-0-0 Nb4 15. a3 Be4 16. axb4 cxb4 17. Be5 Qc6+ 18. Kd2 f6 19. Bd4 b3 20. Bc3 Bc2 21. Nd4 Qd5 22. e4 Bxe4 23. Qe3 Kf7 24. Bc4 Qxc4 25. Qxe4 Re8 26. Qd3 Qd5 27. g3 g6 28. Kc1 Rc8 29. Rhe1 Be7 30. Nxb3 Qxb3 31. Rxe7+ Kxe7 32. Qxd7+ Kf8 33. Qxc8+ Kg7 34. Rd7+ Kh6 35. Qxh8 1-0

[Event "Cavarzere op 14th"]
[Site "Cavarzere"]
[Date "2011.10.23"]
[Round "5.12"]
[White "Zanchetta, Nicola"]
[Black "Boscolo Bragadin, Aldo"]
[Result "1/2-1/2"]
[WhiteElo "1867"]
[BlackElo "1658"]
[PlyCount "189"]
[EventDate "2011.10.15"]
[EventType "swiss"]
[EventRounds "6"]
[EventCountry "ITA"]
[SourceTitle "EXT 2023"]
[Source "ChessBase"]
[SourceDate "2022.10.05"]
[SourceVersion "1"]
[SourceVersionDate "2022.10.05"]
[SourceQuality "1"]

1. e4 d5 2. exd5 Nf6 3. c4 c6 4. d4 cxd5 5. Nc3 e6 6. Nf3 Be7 7. Bg5 0-0 8. Bd3 Qb6 9. Qe2 dxc4 10. Bxc4 Nc6 11. Rd1 h6 12. Be3 Qa5 13. 0-0 a6 14. d5 exd5 15. Nxd5 Nxd5 16. Bxd5 Bg4 17. h3 Bh5 18. g4 Bg6 19. Bxc6 bxc6 20. Bxh6 Bf6 21. Bc1 Qxa2 22. g5 Rfe8 23. Qd2 Rad8 24. Qb4 Be7 25. Qc3 Qe6 26. Rxd8 Rxd8 27. Re1 Qd6 28. Ne5 c5 29. Bf4 Bf8 30. Qg3 Re8 31. Kh2 Qd5 32. Re3 Bf5 33. h4 Bd6 34. Ng4 Rxe3 35. Nxe3 Bxf4 36. Qxf4 Qe4 37. Qxf5 Qxh4+ 38. Kg2 Qd4 39. g6 fxg6 40. Qxg6 Qxb2 41. Qxa6 Qd4 42. Qc4+ Qxc4 43. Nxc4 Kf7 44. Kf3 Ke6 45. Ke4 g5 46. f3 Kf6 47. Na5 Ke6 48. Nb3 c4 49. Nd4+ Kf6 50. Ne2 Ke6 51. Nc3 Kf6 52. Nd5+ Ke6 53. Ne3 c3 54. Kd4 Kf6 55. Kxc3 Ke5 56. Kd3 Kf4 57. Ke2 Kg3 58. Nf1+ Kf4 59. Nh2 Kg3 60. Ng4 Kg2 61. Ke3 Kg3 62. Ke4 Kg2 63. Nf6 Kg3 64. Nh7 g4 65. f4 Kh4 66. Nf6 g3 67. Kf3 Kh3 68. Ne4 g2 69. Nf2+ Kh2 70. Ng4+ Kh1 71. Nf2+ Kh2 72. Ng4+ Kh1 73. f5 g1Q 74. f6 Qf1+ 75. Ke4 Qb1+ 76. Ke5 Qg6 77. Nf2+ Kg2 78. Ne4 Kf3 79. Nd6 Kg4 80. f7 Qg5+ 81. Ke6 Qg6+ 82. Ke7 Qg5+ 83. Ke8 Qe5+ 84. Kd7 Qf6 85. Ke8 Qe6+ 86. Kf8 Qxd6+ 87. Kg8 Qe6 88. Kh8 Qh6+ 89. Kg8 Qg6+ 90. Kh8 Qd6 91. Kg8 Qe6 92. Kh8 Qc8+ 93. Kg7 Qd7 94. Kg8 Qe6 95. Kh8 1/2-1/2

[Event "Cavarzere op 14th"]
[Site "Cavarzere"]
[Date "2011.10.15"]
[Round "1.17"]
[White "Zanchetta, Nicola"]
[Black "Cartegni, Aldo Jose"]
[Result "1-0"]
[WhiteElo "1867"]
[BlackElo "1512"]
[PlyCount "49"]
[EventDate "2011.10.15"]
[EventType "swiss"]
[EventRounds "6"]
[EventCountry "ITA"]
[SourceTitle "EXT 2023"]
[Source "ChessBase"]
[SourceDate "2022.10.05"]
[SourceVersion "1"]
[SourceVersionDate "2022.10.05"]
[SourceQuality "1"]

1. e4 d6 2. d4 Nf6 3. Nc3 g6 4. Be2 Bg7 5. Be3 c6 6. Qd2 b5 7. a3 0-0 8. f3 Re8 9. g4 a6 10. g5 Nfd7 11. h4 e5 12. d5 Qc7 13. h5 Bb7 14. hxg6 fxg6 15. Nh3 cxd5 16. Nxd5 Qd8 17. Nf2 Nc6 18. Ng4 Rf8 19. Bd1 Nd4 20. Qh2 Nxf3+ 21. Bxf3 Rxf3 22. Qxh7+ Kf7 23. Nh6+ Ke6 24. Qxg6+ Nf6 25. Qf7# 1-0